| 000 | 00804cab a2200193 4500 | ||
|---|---|---|---|
| 001 | ##L133144 | ||
| 008 | 060418n2006 000 0 eng u | ||
| 035 | _a(Sirsi) u133144 | ||
| 041 | 0 | _aeng | |
| 100 | 1 | _aBragg, Ian | |
| 245 | 0 | 0 | _aHow to win the dilapidations battle |
| 260 | _c2006 | ||
| 490 | 0 |
_aProperty Week _v71(15) 14 April 2006, 82-84(3) |
|
| 520 | _aPresents a tactical guide for both landlords and tenants on how to deal with dilapidation claim procedures. This covers the presentation of relevant document, marketing strategies for landlords, lease obligations and regulations and protocol under the current UK law. | ||
| 590 | _aIKA250406 | ||
| 690 | _aPROPERTY-LEASEHOLD PROPERTY-LANDLORD AND TENANT-DILAPIDATIONS-DILAPIDATIONS SCHEDULES | ||
| 700 | 1 | _aNash, William | |
| 942 | _n0 | ||
| 999 |
_c76821 _d76821 |
||